00742nam a2200193Ia 4500008004100000100002000041245011000061245006500171260003900236260000900275300002600284440005600310650001900366650001500385650002400400650003300424999001900457952007200476170510s9999 xx 000 0 und d aKteily, Nour S. aHierarchy in the eye of the beholder: (Anti-)egalitarianism shapes perceived levels of social inequality. cKteily, Nour S.; Sheehy-Skeffington, Jennifer; Ho, Arnold K. bAmerican Psychological Association c2017 apages 136-159,January aJournal of Personality and Social Psychologyv112:1 aEgalitarianism aInequality aMotivated cognition aSocial dominance Orientation c329870d329870 001040aCLbCLd2017-05-10l0r2017-05-10 00:00:00w2017-05-10ySE